ロード中...

Sakuni mama /

書誌詳細
第一著者: Sathyapal Vidyalakar
フォーマット: Printed Book
言語:Hindi
出版事項: Delhi : Prabhath , 1981.
主題:
LEADER 00479nam a2200145Ia 4500
008 150624b xxu||||| |||| 00| 1 hin d
082 |a 863.3S18 
100 |a Sathyapal Vidyalakar 
245 |c Sathyapal Vidyalakar  |a Sakuni mama / 
260 |a Delhi :  |b Prabhath ,  |c 1981. 
546 |a In Hindi. 
650 |v Fiction 
942 |c BK 
999 |c 91810  |d 91810 
952 |0 0  |1 0  |4 0  |6 863_000000000000000_3S18_SHA_H  |7 0  |9 91752  |a UL  |b UL  |c ST2  |d 1998-09-15  |l 0  |o 863.3S18 SHA H  |p 54334  |r 2012-10-27  |w 2012-10-27  |y BK